<?xml version='1.0' encoding='UTF-8'?>
  <record xmlns="http://www.loc.gov/MARC21/slim">
    <leader>00000cam a2200000 i 4500</leader>
    <controlfield tag="001">ocm67842856</controlfield>
    <controlfield tag="003">OCoLC</controlfield>
    <controlfield tag="005">20250801153702.2</controlfield>
    <controlfield tag="008">990709s1568    gw            000 0 ger d</controlfield>
    <datafield tag="040" ind1=" " ind2=" ">
      <subfield code="a">NLGGC</subfield>
      <subfield code="b">eng</subfield>
      <subfield code="e">rda</subfield>
      <subfield code="e">dcrmr</subfield>
      <subfield code="c">NLGGC</subfield>
      <subfield code="d">OCLCO</subfield>
      <subfield code="d">OCLCL</subfield>
      <subfield code="d">QGJ</subfield>
      <subfield code="d">OCLCO</subfield>
      <subfield code="d">QGJ</subfield>
      <subfield code="d">OCLCQ</subfield>
    </datafield>
    <datafield tag="029" ind1="0" ind2=" ">
      <subfield code="a">NLGGC</subfield>
      <subfield code="b">183633989</subfield>
    </datafield>
    <datafield tag="035" ind1=" " ind2=" ">
      <subfield code="a">(OCoLC)67842856</subfield>
    </datafield>
    <datafield tag="041" ind1="1" ind2=" ">
      <subfield code="a">ger</subfield>
      <subfield code="h">lat</subfield>
    </datafield>
    <datafield tag="110" ind1="1" ind2=" ">
      <subfield code="a">Göttingen (Germany).</subfield>
      <subfield code="b">Rat,</subfield>
      <subfield code="e">author.</subfield>
      <subfield code="4">aut</subfield>
    </datafield>
    <datafield tag="245" ind1="1" ind2="0">
      <subfield code="a">Christliche, vnd in Gottes wort Altem vnnd Newem Testament, gegründte Kirchenordnung der Stadt Göttingen, wie es mit dem gantzen Gottesdienst, vnnd Christlicher weise in Kirchen vnd Schulen, mit Lehr vnd Sacramentreichung, Ceremonien vnd Ordnungen, nach bewertem grundt des Rechten, reynen vnd klarẽ[n] Liechtes des heiligen Euangelij diser zeit gehalten, Darinn auch der Cathechismus des thewren Manns D. M. Lutheri verfasset. :</subfield>
      <subfield code="b">Darbey die Artickel Christlicher Lehre, so da hetten sollen auffs Concilium, zu Mantua, oder wo es sonst worden wer, vberantwortet werden, von vnsers Theils wegen, vnnd was wir annemen oder nach geben köndten, oder nicht, [et]c. /</subfield>
      <subfield code="c">Durch D. Mart. Luth. geschriben,  Anno 38. Auch von der Gewalt vnd Oberkeyt des Bapstes, durch die Gelehrten, Anno 37. zusammen gezogen, zu Schmalkalden, vnd jetzt widerumb mit allem fleiss in Druck verfertiget.</subfield>
    </datafield>
    <datafield tag="246" ind1="3" ind2=" ">
      <subfield code="a">Christliche, und in Gottes wort Altem unnd Newem Testament, gegründte Kirchenordnung der Stadt Göttingen</subfield>
    </datafield>
    <datafield tag="246" ind1="1" ind2=" ">
      <subfield code="i">Title in modern spelling:</subfield>
      <subfield code="a">Christliche und in Gottes Wort Altem und Neuem Testament gegründete Kirchenordnung</subfield>
    </datafield>
    <datafield tag="264" ind1=" " ind2="1">
      <subfield code="a">Zu Franckfurt am Mayn, :</subfield>
      <subfield code="b">bei Martin Lechler, Jn Verlegung Simon Hüters,</subfield>
      <subfield code="c">1568.</subfield>
    </datafield>
    <datafield tag="300" ind1=" " ind2=" ">
      <subfield code="a">CXVIII [that is 122], [1] leaves ;</subfield>
      <subfield code="c">20 cm (4to)</subfield>
    </datafield>
    <datafield tag="336" ind1=" " ind2=" ">
      <subfield code="a">text</subfield>
      <subfield code="b">txt</subfield>
      <subfield code="2">rdacontent</subfield>
    </datafield>
    <datafield tag="337" ind1=" " ind2=" ">
      <subfield code="a">unmediated</subfield>
      <subfield code="b">n</subfield>
      <subfield code="2">rdamedia</subfield>
    </datafield>
    <datafield tag="338" ind1=" " ind2=" ">
      <subfield code="a">volume</subfield>
      <subfield code="b">nc</subfield>
      <subfield code="2">rdacarrier</subfield>
    </datafield>
    <datafield tag="500" ind1=" " ind2=" ">
      <subfield code="a">Title page printed in red and black.</subfield>
    </datafield>
    <datafield tag="500" ind1=" " ind2=" ">
      <subfield code="a">Imprint: Getruckt zu Franckfurt am Mayn, 1568.</subfield>
    </datafield>
    <datafield tag="500" ind1=" " ind2=" ">
      <subfield code="a">Printer's  and publisher's names from colophon, which reads: Getruckt zu Franckfurt am Mayn, bei Martin Lechler, Jn Verlegung Simon Hüters, Jm Jar nach Christi vnsers Herren vnd Seligmachers Geburt, Anno M. D. LXVIII.</subfield>
    </datafield>
    <datafield tag="500" ind1=" " ind2=" ">
      <subfield code="a">Works by Philip Melanchthon translated from the Latin by Veit Dietrich.</subfield>
    </datafield>
    <datafield tag="505" ind1="8" ind2="0">
      <subfield code="g">Contains also:</subfield>
      <subfield code="t">Enchiridion. :  Der Kleine Cathechismus. Für die gemeinen Pfarrherrn und Prediger. /</subfield>
      <subfield code="r">D. Martin Luther. --</subfield>
      <subfield code="t">Artikel christlicher Lehre, so da hätten sollen aufs Concilium zu Mantua, oder wo es sonst worden wer, vberantwortet werden, von vnsers Theils wegen, vnd was wir annemmen oder nachgeben köndten, oder nicht. /</subfield>
      <subfield code="r">Durch D. Mar. Luth. geschrieben vnd erstlich in Druck aussgegangen. --</subfield>
      <subfield code="t">Von der Gewalt und Oberkeyt des Bapstes, /</subfield>
      <subfield code="r">durch die Gelehrten, Anno '37 zusammen gezogen vnd in Druck gegeben [Philip Melanchthon] --</subfield>
      <subfield code="t">Von der Bischoffen Gewalt vnd Jurisdiction /</subfield>
      <subfield code="r">[Philip Melanchthon]</subfield>
    </datafield>
    <datafield tag="500" ind1=" " ind2=" ">
      <subfield code="a">Initials, printed marginalia.</subfield>
    </datafield>
    <datafield tag="500" ind1=" " ind2=" ">
      <subfield code="a">Signatures: A-2H⁴; G2v; H3v, and H4 are blank.</subfield>
    </datafield>
    <datafield tag="510" ind1="4" ind2=" ">
      <subfield code="a">Verzeichnis der im deutschen Sprachbereich erschienenen Drucke des 16. Jahrhunderts (VD 16),</subfield>
      <subfield code="c">G 2525</subfield>
      <subfield code="u">https://gateway-bayern.de/VD16+G+2525</subfield>
    </datafield>
    <datafield tag="510" ind1="4" ind2=" ">
      <subfield code="3">Luther, Martin. Enchiridion : Der kleine Katechismus für die gemeinen Pfarrherrn und Prediger:</subfield>
      <subfield code="a">Verzeichnis der im deutschen Sprachbereich erschienenen Drucke des 16. Jahrhunderts (VD 16),</subfield>
      <subfield code="c">L 5115</subfield>
      <subfield code="u">https://gateway-bayern.de/VD16+L+5115</subfield>
    </datafield>
    <datafield tag="510" ind1="4" ind2=" ">
      <subfield code="3">Luther, Martin. Artikel christlicher Lehre, so da hätten sollen aufs Concilium zu Mantua ... überantwortet werden:</subfield>
      <subfield code="a">Verzeichnis der im deutschen Sprachbereich erschienenen Drucke des 16. Jahrhunderts (VD 16),</subfield>
      <subfield code="c">L 3866</subfield>
      <subfield code="u">https://gateway-bayern.de/VD16+L+3866</subfield>
    </datafield>
    <datafield tag="510" ind1="4" ind2=" ">
      <subfield code="3">Melanchthon, Philipp. Von der Gewalt und Oberkeit des Papstes:</subfield>
      <subfield code="a">Verzeichnis der im deutschen Sprachbereich erschienenen Drucke des 16. Jahrhunderts (VD 16),</subfield>
      <subfield code="c">M 3288</subfield>
      <subfield code="u">https://gateway-bayern.de/VD16+M+3288</subfield>
    </datafield>
    <datafield tag="510" ind1="4" ind2=" ">
      <subfield code="3">Melanchthon, Philipp. Von der Bischofen Gewalt und Jurisdiktion:</subfield>
      <subfield code="a">Verzeichnis der im deutschen Sprachbereich erschienenen Drucke des 16. Jahrhunderts (VD 16),</subfield>
      <subfield code="c">M 3995</subfield>
      <subfield code="u">https://gateway-bayern.de/VD16+M+3995</subfield>
    </datafield>
    <datafield tag="600" ind1="1" ind2="0">
      <subfield code="a">Luther, Martin,</subfield>
      <subfield code="d">1483-1546</subfield>
      <subfield code="x">Criticism and interpretation.</subfield>
    </datafield>
    <datafield tag="611" ind1="2" ind2="0">
      <subfield code="a">Council of Mantua</subfield>
      <subfield code="d">(1537)</subfield>
    </datafield>
    <datafield tag="650" ind1=" " ind2="0">
      <subfield code="a">Lutheran Church</subfield>
      <subfield code="x">Doctrines.</subfield>
    </datafield>
    <datafield tag="650" ind1=" " ind2="6">
      <subfield code="a">Église luthérienne</subfield>
      <subfield code="x">Doctrines.</subfield>
    </datafield>
    <datafield tag="600" ind1="1" ind2="7">
      <subfield code="a">Luther, Martin,</subfield>
      <subfield code="d">1483-1546</subfield>
      <subfield code="2">fast</subfield>
      <subfield code="1">https://id.oclc.org/worldcat/entity/E39PBJcC3jTktTmxwtTMgxrQbd</subfield>
    </datafield>
    <datafield tag="650" ind1=" " ind2="7">
      <subfield code="a">Lutheran Church</subfield>
      <subfield code="x">Doctrines</subfield>
      <subfield code="2">fast</subfield>
    </datafield>
    <datafield tag="655" ind1=" " ind2="7">
      <subfield code="a">Criticism, interpretation, etc.</subfield>
      <subfield code="2">fast</subfield>
    </datafield>
    <datafield tag="655" ind1=" " ind2="7">
      <subfield code="a">Catechisms.</subfield>
      <subfield code="2">rbgenr</subfield>
    </datafield>
    <datafield tag="700" ind1="1" ind2=" ">
      <subfield code="a">Luther, Martin,</subfield>
      <subfield code="d">1483-1546,</subfield>
      <subfield code="e">author.</subfield>
      <subfield code="4">aut</subfield>
      <subfield code="1">https://id.oclc.org/worldcat/entity/E39PBJcC3jTktTmxwtTMgxrQbd</subfield>
    </datafield>
    <datafield tag="700" ind1="1" ind2=" ">
      <subfield code="a">Melanchthon, Philip,</subfield>
      <subfield code="d">1497-1560,</subfield>
      <subfield code="e">author.</subfield>
      <subfield code="4">aut</subfield>
      <subfield code="1">https://id.oclc.org/worldcat/entity/E39PBJqQtH68krrpJcG6Tt8cT3</subfield>
    </datafield>
    <datafield tag="700" ind1="1" ind2="2">
      <subfield code="i">Container of (work):</subfield>
      <subfield code="a">Luther, Martin,</subfield>
      <subfield code="d">1483-1546.</subfield>
      <subfield code="t">Kleine Katechismus.</subfield>
    </datafield>
    <datafield tag="700" ind1="1" ind2="2">
      <subfield code="i">Container of (work):</subfield>
      <subfield code="a">Luther, Martin,</subfield>
      <subfield code="d">1483-1546.</subfield>
      <subfield code="t">Schmalkaldischen Artikel.</subfield>
    </datafield>
    <datafield tag="700" ind1="1" ind2="2">
      <subfield code="i">Container of (expression):</subfield>
      <subfield code="a">Melanchthon, Philip,</subfield>
      <subfield code="d">1497-1560.</subfield>
      <subfield code="t">Tractatus de potestate et primatu papae.</subfield>
      <subfield code="l">German.</subfield>
    </datafield>
    <datafield tag="700" ind1="1" ind2="2">
      <subfield code="i">Container of (expression):</subfield>
      <subfield code="a">Melanchthon, Philip,</subfield>
      <subfield code="d">1497-1560.</subfield>
      <subfield code="t">De potestate et iurisdictione episcoporum.</subfield>
      <subfield code="l">German.</subfield>
    </datafield>
    <datafield tag="700" ind1="1" ind2=" ">
      <subfield code="a">Dietrich, Veit,</subfield>
      <subfield code="d">1506-1549,</subfield>
      <subfield code="e">tranlator.</subfield>
      <subfield code="4">trl</subfield>
      <subfield code="1">https://id.oclc.org/worldcat/entity/E39PBJqfP3YYhPdVVPwHMXDrMP</subfield>
    </datafield>
    <datafield tag="700" ind1="1" ind2=" ">
      <subfield code="a">Lechler, Martin,</subfield>
      <subfield code="d">-1594,</subfield>
      <subfield code="e">printer.</subfield>
      <subfield code="4">prt</subfield>
      <subfield code="1">https://id.oclc.org/worldcat/entity/E39PCjqqfr6MyjQPbgJ7jM9VYP</subfield>
    </datafield>
    <datafield tag="700" ind1="1" ind2=" ">
      <subfield code="a">Hüter, Simon,</subfield>
      <subfield code="d">active 1563-1583,</subfield>
      <subfield code="e">publisher.</subfield>
      <subfield code="4">pbl</subfield>
      <subfield code="1">https://id.oclc.org/worldcat/entity/E39PCjKrBxpWMhcP6BFG6mYMfq</subfield>
    </datafield>
    <datafield tag="752" ind1=" " ind2=" ">
      <subfield code="a">Germany</subfield>
      <subfield code="d">Frankfurt am Main,</subfield>
      <subfield code="e">publication place.</subfield>
      <subfield code="4">pup</subfield>
    </datafield>
    <datafield tag="936" ind1=" " ind2=" ">
      <subfield code="a">BATCHLOAD</subfield>
    </datafield>
  </record>